Catalog

Record Details

Catalog Search



Miracles and the Critical Mind /  Colin Brown Cover Image Book Book

Miracles and the Critical Mind /  Colin Brown

Brown, Colin (Author).

Record details

  • ISBN: 0-8028-3590-2
  • Physical Description: 383 s.
  • Publisher: Grand Rapids, Michigan :  William B. Eerdmans Publishing Company / The Paternoster Press :  1984

Available copies

  • 2 of 2 copies available at Common Catalog SPOK.

Holds

  • 0 current holds with 2 total copies.
Show Only Available Copies
Location Call Number / Copy Notes Barcode Shelving Location Status Due Date
ETS Library 231.73 424470010980 Volný výběr Available -
ETS Library 231.73 424470019317 Volný výběr Available -

LDR 00685nam a2 00241
00138739
003CZ-PrJAB
00520201022191329.0
008070601s1984 xxu e |||| |eng
009us
020 . ‡a0-8028-3590-2
035 . ‡a(CONS)5832
035 . ‡aKPS12599
040 . ‡aABG450
041 . ‡aeng
08214. ‡a231.73
100 . ‡793 ‡aBrown, Colin
245 . ‡aMiracles and the Critical Mind /  ‡nColin Brown
260 . ‡aGrand Rapids, Michigan :  ‡bWilliam B. Eerdmans Publishing Company / The Paternoster Press :  ‡c1984
300 . ‡a383 s.
653 . ‡aMiracles and the Critical Mind
8524 . ‡bETS ‡bETS ‡cVolný výběr ‡j231.73 ‡gA ‡p424470010980
910 . ‡aABG450
999 . ‡a5832 ‡bAUTOGEN ‡c5832 ‡tbiblio
905 . ‡uadmin
901 . ‡a38739 ‡bCZ-PrJAB ‡c38739 ‡tbiblio ‡sets

Additional Resources